000 00623cam a2200205 a 4500
001 000007924
005 20240306164224.0
008 850823s1983 sp b 000 f spa d
020 _a8432204803
040 _aDO-SdBNP
_bspa
_cBNPHU
082 _aPe863.44
_bV297con
100 1 _aVargas Llosa, Mario,
_d1936-
_912567
245 1 0 _aContra viento y marea :
_b1962-1982 /
_cMario Vargas Llosa.
260 _aBarcelona :
_bSeix Barral,
_c1983.
300 _a462 p. ;
_c20 cm.
490 0 _aBiblioteca breve
650 4 _aNovela peruana
_912569
650 4 _aLiteratura peruana
_93140
910 _aValidado. Control de calidad MFF
999 _c7702
_d7702